Entry Nombre personal
001 - NÚMERO DE CONTROL
- campo de control: 155686
003 - IDENTIFICADOR DE NÚMERO DE CONTROL
- campo de control: OSt
005 - FECHA Y HORA DE LA ÚLTIMA TRANSACCIÓN
- campo de control: 20230222193131.0
008 - ELEMENTOS DE DATO DE LONGITUD-FIJA
- campo de control de longitud fija: 141008 b azzaaaaaa a aaa d
040 ## - FUENTE DE CATALOGACIÓN
- Centro catalogador/agencia de origen: OSt
- Centro/agencia transcriptor: OSt
100 1# - ENCABEZAMIENTO-NOMBRE DE PERSONA
- Nombre de persona: Passard, François-Lubin
400 1# - TRAZADO DE VÉASE--NOMBRE DE PERSONA
- Nombre de persona: Le Gai, Eugène
400 1# - TRAZADO DE VÉASE--NOMBRE DE PERSONA
- Nombre de persona: Delanoue, Arthur
400 1# - TRAZADO DE VÉASE--NOMBRE DE PERSONA
- Nombre de persona: Delanoue, Louis
400 1# - TRAZADO DE VÉASE--NOMBRE DE PERSONA
- Nombre de persona: Le Gai, Hilaire
400 1# - TRAZADO DE VÉASE--NOMBRE DE PERSONA
- Nombre de persona: Baron de la Pointe
400 1# - TRAZADO DE VÉASE--NOMBRE DE PERSONA
- Nombre de persona: La Pointe, Baron de
400 1# - TRAZADO DE VÉASE--NOMBRE DE PERSONA
- Nombre de persona: Vallerange, Prosper
